LEADER 01293nam1 2200397 450 001 990000832520203316 005 20061127165026.0 035 $a0083252 035 $aUSA010083252 035 $a(ALEPH)000083252USA01 035 $a0083252 100 $a20020102d--------km-y0itay0103----ba 101 $aita 102 $aIT 105 $a||||||||001yy 200 1 $aCollezione di Vittorio Emanuele 3. di Savoia$eZecca di Ferrara 210 $aRoma$cIstituto poligrafico e Zecca dello Stato 215 $av.$d29 cm 461 $1001000205324$12001$aBollettino di numismatica. Monografia 606 0 $aMonete ferraresi$xCollezioni 606 0 $aRoma$xMuseo nazionale romano$xCollezione Vittorio Emanuele re d'Italia ; 3. 676 $a737.4945451 710 02$aMuseo nazionale romano$0172754 801 0$aIT$bsalbc$gISBD 912 $a990000832520203316 951 $aFondo Periodici$bLM 959 $aBK 969 $aUMA 979 $aPATTY$b90$c20020102$lUSA01$h1630 979 $c20020403$lUSA01$h1729 979 $aPATRY$b90$c20040406$lUSA01$h1657 979 $aPATRY$b90$c20061127$lUSA01$h1649 979 $aPATRY$b90$c20061127$lUSA01$h1650 979 $aPATRY$b90$c20061127$lUSA01$h1650 996 $aCollezione di Vittorio Emanuele 3. di Savoia$9967422 997 $aUNISA LEADER 00839nam0-22003011i-450- 001 990000084730403321 005 20070122142855.0 035 $a000008473 035 $aFED01000008473 035 $a(Aleph)000008473FED01 035 $a000008473 100 $a20020821d1982----km-y0itay50------ba 101 0 $aita 105 $ay-------001yy 200 1 $aDizionario giapponese-italiano$fH. Takahashi 210 $a[S.l.$cs.n.]$d1982 215 $aXIII, 750, 16 p.$d22 cm 300 $aNote tipografiche in giapponese 610 0 $aLingua giapponese$aDizionari 676 $a495.65 700 1$aTakahashi,$bHiroshi$05722 801 0$aIT$bUNINA$gRICA$2UNIMARC 901 $aBK 912 $a990000084730403321 952 $a13 G 45 23$b32791$fFINBC 959 $aFINBC 996 $aDizionario giapponese-italiano$9109683 997 $aUNINA